|
|
|
|
| LEADER |
01998nam a2200421 a 4500 |
| 001 |
13798 |
| 003 |
BD-DhAAL |
| 005 |
20130826115211.0 |
| 008 |
090714s1987 enk b 000 1 eng d |
| 010 |
|
|
|a 87158859
|
| 020 |
|
|
|a 0140183167
|a 0141183659
|a 9780141183657
|
| 040 |
|
|
|a DLC
|c DLC
|d DLC
|d BD-DhAAL
|
| 082 |
0 |
0 |
|a 823/.8
|a Fic
|2 19
|
| 100 |
1 |
|
|a Kipling, Rudyard,
|d 1865-1936.
|9 1547
|
| 245 |
1 |
4 |
|a The jungle books /
|c Rudyard Kipling ; edited with an introduction and notes by Daniel Karlin.
|
| 260 |
|
|
|a Harmondsworth, Middlesex, England ;
|a New York, N.Y., U.S.A. :
|b Penguin Books,
|c 1987.
|
| 300 |
|
|
|a 384 p. ;
|c 19 cm.
|
| 490 |
1 |
|
|a Penguin classics
|
| 504 |
|
|
|a Includes bibliographical references.
|
| 520 |
|
|
|a Presents the adventures of Mowgli, a boy reared by a pack of wolves and the wild animals of the jungle. Also includes other short stories set in India.
|
| 541 |
1 |
|
|e 00013798
|
| 650 |
|
0 |
|a Mowgli (Fictitious character)
|x Fiction.
|9 1548
|
| 650 |
|
0 |
|a Adventure stories, English.
|9 1549
|
| 650 |
|
0 |
|a Jungle animals
|x Fiction.
|9 1550
|
| 650 |
|
0 |
|a Feral children
|x Fiction.
|9 1551
|
| 650 |
|
0 |
|a Boys
|x Fiction.
|9 1552
|
| 650 |
|
1 |
|a Jungles
|x Fiction.
|9 1553
|
| 650 |
|
1 |
|a Animals
|x Fiction.
|9 1554
|
| 650 |
|
1 |
|a Short stories.
|9 2786
|
| 651 |
|
0 |
|a India
|x Fiction.
|9 1555
|
| 651 |
|
1 |
|a India
|x Fiction.
|9 1556
|
| 700 |
1 |
|
|a Karlin, Daniel,
|d 1953-
|9 1557
|
| 852 |
4 |
|
|a Ayesha Abed Library
|j General Shelf.
|
| 942 |
|
|
|2 ddc
|c BK
|
| 999 |
|
|
|c 2457
|d 2457
|
| 952 |
|
|
|0 0
|1 0
|2 ddc
|4 0
|6 823_800000000000000_KIP_1989
|7 0
|9 2272
|a BRACUL
|b BRACUL
|c GEN
|d 2009-07-15
|g 582.00
|l 4
|m 24
|o 823.8 KIP
|p 3010013798
|r 2017-08-30
|s 2016-08-18
|t 1
|w 2009-07-15
|y BK
|
| 952 |
|
|
|0 0
|1 4
|2 ddc
|4 0
|6 823_800000000000000_KIP
|7 0
|9 17858
|a BRACUL
|b BRACUL
|c GEN
|d 2011-08-16
|g 1092.00
|l 0
|o 823.8 KIP
|p 3010011874
|r 2011-08-16
|t 2
|w 2011-08-16
|y BK
|x Koha Inventory 2020
|
| 952 |
|
|
|0 0
|1 0
|2 ddc
|4 0
|6 823_800000000000000_KIP
|7 0
|9 23239
|a BRACUL
|b BRACUL
|c GEN
|d 2013-08-26
|l 3
|m 37
|o 823.8 KIP
|p 3010014374
|r 2018-10-16
|s 2018-08-08
|t 3
|w 2013-08-26
|y BK
|